000 00327nam a2200133Ia 4500
008 240624s9999 xx 000 0 und d
041 _aeng
082 _a332.6457 SOM
100 _aSOMANATHAN T V
245 _aDERIVATIVES
260 _c2012
_aNew Delhi
_bTata McGrawhill
300 _axix, : 347 : p. : cm. ; 24
365 _cRS
999 _c25415
_d25415